000 01413nam a2200301Ia 4500
003 OSt
005 20210208105422.0
008 191128s1987 ck fr 000 0 spa d
020 _a9580403333
040 _aCO-JMCR
_cCO-JMCR
041 1 _aspa
_heng
082 0 4 _a658.835 /
_bK874n
_223
100 1 _aKotler, Philip,
_eautor
_912713
245 3 0 _aLa nueva competencia :
_bmás allá de la teoría Z, el mercadeo al estilo japonés /
_cPhilip Kotler, Liam Fahey y S. Jatusripitak ; traducción, Adriana Arias de Hassan
260 _aBogotá :
_bNorma,
_c1987
300 _a370 páginas ;
_c24 cm.
505 0 _aExpertos de talla mundial: los japoneses -- La fórmula del éxito de la nueva competencia -- El proceso de apropiación del mercado: la conquista de occidente -- Estrategias de mercado del lejano oriente: el camino a la dominación
520 3 _aNumerosos libros y artículos se han escrito acerca del milagro económico del Japón - acerca de como una nación derrotada, conocida en una época por la calidad inferios de sus productos.
546 _aTraducido del inglés
650 1 4 _aMercadeo
_913107
650 1 4 _aOferta y demanda
_913108
650 1 4 _aCompetencia económica
_94890
650 1 4 _aTeoría Z
_913109
700 1 _aFahey, Liam
_eautor
_913110
700 1 _aJatusripitak, Somkid
_eautor
_913111
700 1 _aAdriana Arias de Hassan,
_etraductora
_913112
942 _2ddc
_cBK
999 _c4435
_d4435